00532 2200181 4500245007600000020002200076250001100098100001600109700002000125650004300145005001900188260003700207041001400244084000800258300001500266500006000281336000900341 aPoltergeist b : Mereka Tahu Apa yang Kamu TakutkancKhan, jameshText a978-620-372-015-6 aCet. 1 aKhan, james aMiftahul Jannah aFiksi Inggris (dalam Bahasa Indonesia) a20231011075029 aJakartabPenerbit Mataharic2015 aIndonesia a823 a311 hlm. : aTIDAK ADA KETENANGAN BAGI MEREKA YANG MENGGAGU ARWAH... atext